Представление документа в формате MARC21

Поле Инд. ПП Название Значение
Тип записи a
Библиографический уровень b
001 Контрольный номер RU/IS/BASE/130430719
005 Дата корректировки 20240516163555.8
008 Кодируемые данные 19950724
084 a Индекс другой классификации/Индекс ББК 63.3(2)512-282.5
097 00 a 750
100 10 a Автор Захарова О.
q Полное имя Захарова Оксана
245 11 a Заглавие "Скажи-тко, стреляют ли дамы в Москве?"
b Продолж. заглавия Развлечения при дворе Анны Иоановны
600 a Персоналии Анна Ивановна (рос. императрица)
650 a Основная рубрика история
653 00 a Ключевые слова XVIII век
a Ключевые слова Россия
773 00 t Заглавие источника Родина
d Дата издания источника 1995
g Прочая информация № 2. - С. 116 - 118
w Контрольный № источника RU/IS/BASE/148495110
901 t Тип документа b